00267nam a2200121Ia 45000030006000000080041000060400015000471000018000622450027000802600009001075460012001160050017001280STCL150530s9999 xx 000 0 und d aSTCLcSTCL aSimon Kuznets aModern economic growth c1972 aEnglish20220125165631.0